Central Library and Information Centre
Sibsagar Girls' College, Sivasagar : Assam

FOLKLORISTS OF BENGAL (Record no. 17965)

MARC details
000 -LEADER
fixed length control field 00446cam a2200181ua 4500
008 - FIXED-LENGTH DATA ELEMENTS--GENERAL INFORMATION
fixed length control field 161118n II |||gr||||Z||||||eng
040 ## - CATALOGING SOURCE
Original cataloging agency MAIN
041 ## - LANGUAGE CODE
-- English
082 ## - DEWEY DECIMAL CLASSIFICATION NUMBER
Classification number 028.7 GUP
100 ## - MAIN ENTRY--PERSONAL NAME
Personal name GUPTA, SANKAR SEN.
245 ## - TITLE STATEMENT
Title FOLKLORISTS OF BENGAL
260 ## - PUBLICATION, DISTRIBUTION, ETC.
Place of publication, distribution, etc. KOLKATTA:
Name of publisher, distributor, etc. INDIAN PUBLICATION,
Date of publication, distribution, etc. 1965.
300 ## - PHYSICAL DESCRIPTION
Extent 180:
Dimensions 20CM.
700 ## - ADDED ENTRY--PERSONAL NAME
Personal name GUPTA, SANKAR SEN.,
Relator term AUTHOR.
942 ## - ADDED ENTRY ELEMENTS (KOHA)
Koha item type Books
653 ## - INDEX TERM--UNCONTROLLED
Uncontrolled term Reference Books
Holdings
Withdrawn status Lost status Damaged status Not for loan Collection code Home library Current library Shelving location Date acquired Full call number Barcode Date last seen Copy number Price effective from Koha item type Public note
        REFENG Central Library and Information Centre Sibsagar Girls College Central Library and Information Centre Sibsagar Girls College ENGLISH REFERENCE RACK 20.06.1970 028.7 GUP 02312 27.02.2020 1 27.02.2020 Books V


Sibsagar Girl's College © 2020. All rights reserved.
Powered by Koha.
Maintained by Abhijit Borpuzari.